| 000 | 00883cab a2200229 4500 | ||
|---|---|---|---|
| 001 | X3458 | ||
| 008 | 090401t1996 xxu||||| |||| 00| 0 eng d | ||
| 035 | _a(Sirsi) u30654 | ||
| 041 | _aeng | ||
| 245 | _aPendle BC and Husnjak | ||
| 260 | _c1996 | ||
| 350 | _a0 | ||
| 490 |
_aPlanning Appeal Decisions _v(1996) 11 PAD 292-295(4) |
||
| 520 | _aUnauthorised use of land for the storage of stone - enforcement notice required removal of a cabin, steel container and stone from the land - notice alleged storage of stone but did not require that use to cease - notice amended by Inspector to make good the deficiency.(HEADNOTE FROM JOURNAL). | ||
| 650 | _aENFORCEMENT NOTICE | ||
| 650 | _aPENDLE BC AND HUSJNAK | ||
| 650 | _aPLANNING AND COMPENSATION ACT 1991 | ||
| 650 | _aSTONE STORAGE | ||
| 690 | _aPLANNING LAW AND PRACTICE-CASE LAW | ||
| 942 | _n0 | ||
| 948 | _c04/03/1997 | ||
| 999 |
_c20662 _d20662 |
||